000 00482nam a2200193Ia 4500
005 20240823023416.0
008 240823s9999||||xx |||||||||||||| ||und||
020 _a81-219-0883-3
041 _aENGLISH
082 _A660 P8
100 _aDara S S
245 2 _aA Textbook of Environmental Chemistry and Pollution control
250 _a1st
260 _c2009
_b"Chancellor,London"
500 _aTRANSFERED
650 _aChemistry
_bChemistry
942 _cBK
999 _c181473
_d181473